000 02807cam a2200313Mi 4500
005 20140903175125.0
008 080707s1612 fr fr 001 0dlatsd
035 _a(OCoLC)822650819
040 _aFRBML
_bspa
_cSandra Yazo
_dSandra Yazo
041 0 _alat
082 0 4 _220
_a340.56
092 _aE30N031
100 0 _aJustiniano
_bI
_cEmperador de Oriente
_d483-565
_941820
242 0 0 _aCódigo de Derecho Civil de Justiniano
_bCon los comentarios de Acurcio, los escolios de Conti y las observaciones agudísimas del jurista Dionisio Godofredo. Tomo Primero. Incluye el Digesto Antiguo.
_yspa
245 1 0 _aCorpus Iuris Civilis Iustinianei.
_bCum comentariis Accursii, scholiis Conti et Dionysii Gothofredi I. C. accutissimi lucubrationibus ... Tomus Primus continens Digestum Vetus
260 _aLugdui [Lyon] (Francia)
_bSumtibus Horatii Cardon [A expensas de Horacio Cardon]
_c1612
300 _a[30], 12 páginas, 13-2250 columnas, [1], 106 páginas)
_c35 x 23 cm.
500 _aDetalles físicos: Sin encuadernación original, actualmente encuadernación rígida en cartón forrada en papel, lomo en tela encolada y adornos en dorado. Tapas y lomo con rotura y raspadura. Guardas, portada impresa en dos tintas con un grabado y notoria restauración anterior. Se conservan restos de la portada, pegados a un folio antiguo. Dedicatoria. Advertencias al lector. Texto impreso en varios tipos de letra y varias columnas y algunas páginas en dos tintas (Rúbricas). Apostillas marginales. Ejemplar deteriorado, con varias hojas rotas. Algunas hojas con restauraciones.
505 1 _aVida de Justiniano ; Digesto Antiguo, libros 1 al 24: Proemio ; El origen del Derecho ; Las leyes y senadoconsultos ; La diversa condición de las personas ; Los que son sui iuris (autónomos) y los que son alieni iuris(los que dependen de otros) ; Las adopciones y emancipaciones ; La división de las cosas ; Deberes del prefecto de la ciudad ; Deberes de los pretores ; La jurisdicción ; Quiénes están obligados a resarcir a otros ; La publicación de los documentos ; Los pactos ; Las transacciones ; Las peticiones ; Los procuradores y defensores ; La administración de negocios ; La restitución in integrum ; Lo que se realiza movido por el miedo ; El dolo malo ; Los menores de veinticinco años ; Los juicios ; El testamento inoficioso.
506 _aConsulta en sala.
546 _aTexto en latín.
600 1 4 _929958
_aJustiniano
_cEmperador de Oriente
_d482-565
_tDigestum vetus
_xCrítica e interpretación
650 7 _929420
_aDerecho romano
_xObras anteriores a 1800
650 7 _929560
_aDerecho civil
_xObras anteriores a 1800
690 _942766
_aDerecho civil
700 1 _aAcurcio
_962286
700 1 _aGodofredo, Dionisio
_962292
942 _cLIBRO
_e1
_2DEWEY
_h340.56
999 _c273524
_d273524